Green revolution (Record no. 26450)

MARC details
000 -LEADER
fixed length control field 00298nam a2200121Ia 4500
082 ## - DEWEY DECIMAL CLASSIFICATION NUMBER
Classification number 338.43.02
Item number FAR
245 #0 - TITLE STATEMENT
Title Green revolution
260 ## - PUBLICATION, DISTRIBUTION, ETC. (IMPRINT)
Place of publication London
Name of publisher Macmillan
Year of publication 1977
650 ## - SUBJECT ADDED ENTRY--TOPICAL TERM
Topical Term Agricultural extension
700 ## - ADDED ENTRY--PERSONAL NAME
Personal name FARMER, B H
942 ## - ADDED ENTRY ELEMENTS (KOHA)
Koha item type Books
Holdings
Withdrawn status Lost status Damaged status Not for loan Home library Current library Date acquired Full call number Accession Number Koha item type
        RRII Library RRII Library 16/12/2021 338.43.02 FAR 07083 Books